Normal view
MARC view
Entry Personal Name
001 - CONTROL NUMBER
- control field: 14283
003 - CONTROL NUMBER IDENTIFIER
- control field: OSt
005 - DATE AND TIME OF LATEST TRANSACTION
- control field: 20191205145517.0
008 - FIXED-LENGTH DATA ELEMENTS
- fixed length control field: 191205|| aca||aabn | a|a d
040 ## - CATALOGING SOURCE
- Original cataloging agency: OSt
- Transcribing agency: OSt
100 ## - HEADING--PERSONAL NAME
- Personal name: Spendzharova, Aneta
670 ## - SOURCE DATA FOUND
- Source citation: Work cat.: (OSt): Quaglia, Lucia 14282, Regulators and the quest for coherence in finance: the case of loss absorbing capacity for banks
